Οι θεοί των αρχαίων ελλήνων

Αποθηκεύτηκε σε:
Λεπτομέρειες βιβλιογραφικής εγγραφής
Κύριος συγγραφέας: Simon, Erika
Άλλοι συγγραφείς: Πινγιάτογλου, Σεμέλη (trlf, edtf)
Μορφή: Βιβλίο
Γλώσσα:Greek
German
Δημοσίευση: Θεσσαλονίκη : University Studio Press, 1996.
Έκδοση:1η έκδ.
Θέματα:
Ετικέτες: Προσθήκη ετικέτας
Δεν υπάρχουν, Καταχωρήστε ετικέτα πρώτοι!

MARC

LEADER 00000cam a2200000 i 4500
001 1/45533
008 070605s1996 gr | ||| |||| ||gre||
020 |a 9601205438 
035 |l 10088145 
040 |a GR-MyUA  |b gre  |e AACR2 
041 1 |a gre  |h ger 
082 0 |a 292.211  |2 (22) 
100 1 |a Simon, Erika. 
245 1 3 |a Οι θεοί των αρχαίων ελλήνων /   |c Erika Simon ; μετάφραση-επιμέλεια Σεμέλη Πινγιάτογλου.  
250 |a 1η έκδ.  
260 |a Θεσσαλονίκη :   |b University Studio Press,   |c 1996.  
300 |a 365 σ. :   |b εικ. ;   |c 29 εκ.  
500 |a Μετάφραση από τα γερμανικά 
500 |a Τίτλος πρωτοτύπου: Die gotter der griechen.  
504 |a Περιέχει βιβλιογραφία (σ. 339-344) και ευρετήρια.  
650 0 0 |a Gods, Greek. 
650 0 0 |a Mythology, Greek. 
700 1 |a Πινγιάτογλου, Σεμέλη,  |e trlf  |e edtf 
852 |a INST  |b LESVOS  |e 20070605  |h 292.211 SIM  |p 005100038122  |q 005100038122  |t BK  |y 0 
852 |a INST  |b RHODES  |e 20070911  |h 292.211 SIM  |p 005400025735  |q 005400025735  |t BK  |y 0 
901 |a BIBL1-2007-2 
909 |a Λ  |b 135177 
909 |a Ρ  |b 136121 
922 |a 1ΕΛΗ  |b 200705  |c ΕΠΕΑΕΚ2/ΤΚΑ  |d Σ. ΠΑΤΑΚΗΣ 
922 |a 4ΕΛΗ  |b 200707  |c ΕΠΕΑΕΚ2/ΤΜΣ  |d Σ. ΠΑΤΑΚΗΣ 
970 |a ΚΑΡΑ  |b ΓΙΑΣΕΜΗ  |z 2007/06/05